[Event "CE Selecciones Autonómicas U14"]
[Site "Padrón"]
[Date "2017.06.25"]
[Round "6.4"]
[White "Quintas Fernandez, Paula"]
[Black "Ortega Sanchis, Angela"]
[Result "0-1"]
[WhiteElo "1331"]
[BlackElo "1361"]
[PlyCount "168"]
[EventDate "2017.06.22"]
[EventType ""]
[EventRounds "6"]
[EventCountry "ESP"]
[WhiteTeam "Galicia (U14)"]
[BlackTeam "Valencia (U14)"]
[WhiteTeamCountry "ESP"]
[BlackTeamCountry "ESP"]

1. e4 e6 2. d4 d5 3. exd5 exd5 4. Nf3 Bf5 5. Bf4 Bd6 6. Bg3 Nf6 7. Bd3 Bxd3 8.
Qxd3 Qe7+ 9. Qe2 Qxe2+ 10. Kxe2 Bxg3 11. hxg3 Nc6 12. a3 Ne4 13. Nbd2 O-O 14.
c3 Rfe8 15. Kf1 Re7 16. Nxe4 dxe4 17. Ne1 e3 18. f3 Rae8 19. Nd3 Na5 20. Ke2
Nc4 21. b4 Nd6 22. g4 Nc4 23. Rhe1 Nd2 24. Ne5 f6 25. Nd3 b6 26. Kd1 Kf7 27.
Kc2 c6 28. Re2 Kg6 29. Rae1 Nc4 30. a4 Kg5 31. Rh1 h6 32. Rh5+ Kg6 33. Nf4+ Kf7
34. Rh1 g5 35. Nd3 Kg6 36. Nb2 Nd6 37. Kd3 f5 38. gxf5+ Nxf5 39. Rh3 h5 40. g4
Nh4 41. Rg3 Kh6 42. Nd1 Ng6 43. Rxe3 Nf4+ 44. Kd2 h4 45. Rg1 Re6 46. Rxe6+ Rxe6
47. Ne3 Kg6 48. Rh1 Kf6 49. Re1 h3 50. Rh1 Kf7 51. Rh2 Ke7 52. Nf5+ Kd7 53. c4
Kc7 54. Ng7 Re2+ 55. Rxe2 Nxe2 56. Ne6+ Kc8 57. Kxe2 h2 58. Nxg5 h1=Q 59. Ke3
Qc1+ 60. Ke4 Qxg5 61. f4 Qxg4 62. Ke5 Qe2+ 63. Kf6 Qxc4 64. f5 Qxd4+ 65. Kg6
Qxb4 66. Kg7 Qxa4 67. f6 Qd4 68. Kf7 a5 69. Ke7 Qd7+ 70. Kf8 Qd6+ 71. Kg7 Qxf6+
72. Kxf6 a4 73. Ke5 a3 74. Kd4 a2 75. Kc3 a1=Q+ 76. Kc2 Qa3 77. Kb1 Kd7 78. Kc2
Kd6 79. Kb1 Kd5 80. Kc2 Kc4 81. Kb1 Qf3 82. Kc1 Qf2 83. Kb1 Kb3 84. Kc1 Qc2#
0-1

[Event "CE Selecciones Autonómicas U14"]
[Site "Padrón"]
[Date "2017.06.25"]
[Round "6.1"]
[White "Labiano Hernandez, Juan"]
[Black "Quispe Arteaga, Gabriel"]
[Result "0-1"]
[WhiteElo "1630"]
[BlackElo "2294"]
[PlyCount "98"]
[EventDate "2017.06.22"]
[EventType ""]
[EventRounds "6"]
[EventCountry "ESP"]
[WhiteTeam "Navarra (U14)"]
[BlackTeam "Madrid (U14)"]
[WhiteTeamCountry "ESP"]
[BlackTeamCountry "ESP"]

1. e4 c5 2. Nc3 Nc6 3. f4 e6 4. Bb5 Nge7 5. d3 a6 6. Bxc6 Nxc6 7. Nf3 Be7 8.
O-O O-O 9. Qe1 d5 10. Ne5 Nd4 11. Qf2 f6 12. Nf3 Nxf3+ 13. Qxf3 d4 14. Ne2 f5
15. Bd2 Bd7 16. Rfe1 Bc6 17. Ng3 g6 18. Qe2 Bf6 19. e5 Bh4 20. b4 Qd5 21. Reb1
cxb4 22. Bxb4 Rfc8 23. Rc1 a5 24. Bd2 Ba4 25. c4 dxc3 26. Rxc3 Rxc3 27. Bxc3
Qc5+ 28. d4 Qxc3 29. Rb1 Qxd4+ 30. Kh1 Rd8 31. Nf1 Qd3 32. Qb2 Qxb1 33. Qxb1
Rd1 34. Qxd1 Bxd1 35. Ne3 Be2 36. g3 Be7 37. Kg2 Bc5 38. Nc2 Bd3 39. Ne1 Be4+
40. Kh3 Bf2 41. a4 Bxe1 42. Kh4 Bc6 43. h3 Bxa4 44. Kg5 Bxg3 45. h4 Kf7 46. Kh6
Bxh4 47. Kxh7 Bg5 48. Kh8 Bd7 49. Kh7 a4 0-1

[Event "CE Selecciones Autonómicas U14"]
[Site "Padrón"]
[Date "2017.06.25"]
[Round "6.2"]
[White "Ingunza Curro, Andres"]
[Black "Del Carmen Hernandez, Aimer"]
[Result "1-0"]
[WhiteElo "1965"]
[BlackElo "1619"]
[PlyCount "101"]
[EventDate "2017.06.22"]
[EventType ""]
[EventRounds "6"]
[EventCountry "ESP"]
[WhiteTeam "Madrid (U14)"]
[BlackTeam "Navarra (U14)"]
[WhiteTeamCountry "ESP"]
[BlackTeamCountry "ESP"]

1. e4 c5 2. Nf3 Nc6 3. d4 cxd4 4. Nxd4 g6 5. c4 Bg7 6. Be3 Nf6 7. Nc3 O-O 8.
Be2 d6 9. O-O Bd7 10. f3 a6 11. Qd2 Qc7 12. Rac1 Rfb8 13. Nd5 Qd8 14. Nxc6 bxc6
15. Nc3 Qa5 16. Rfd1 Be6 17. b3 Ne8 18. Na4 Qxd2 19. Rxd2 c5 20. f4 Ra7 21. Bf3
Rc7 22. h3 Nf6 23. Rcd1 Nd7 24. Rd3 Nb6 25. Nxb6 Rxb6 26. e5 Rd7 27. Bxc5 dxc5
28. Rxd7 Bxd7 29. Rxd7 e6 30. Kf2 h5 31. g4 hxg4 32. hxg4 g5 33. Rd8+ Bf8 34.
fxg5 Kg7 35. Rd7 Rb8 36. Ke3 a5 37. Kf4 a4 38. Be4 axb3 39. axb3 Rxb3 40. g6
Rb2 41. Rxf7+ Kg8 42. Kg5 Re2 43. Bd3 Rxe5+ 44. Kf6 Re3 45. g7 Rf3+ 46. Bf5
Bxg7+ 47. Rxg7+ Kh8 48. Rh7+ Kg8 49. Kxe6 Rxf5 50. gxf5 Kxh7 51. Ke7 1-0

[Event "CE Selecciones Autonómicas U14"]
[Site "Padrón"]
[Date "2017.06.25"]
[Round "6.3"]
[White "Salvatierra Alzorriz, Haizea"]
[Black "Zhou, Lulu"]
[Result "1/2-1/2"]
[WhiteElo "1605"]
[BlackElo "1964"]
[PlyCount "84"]
[EventDate "2017.06.22"]
[EventType ""]
[EventRounds "6"]
[EventCountry "ESP"]
[WhiteTeam "Navarra (U14)"]
[BlackTeam "Madrid (U14)"]
[WhiteTeamCountry "ESP"]
[BlackTeamCountry "ESP"]

1. e4 e5 2. Nf3 Nc6 3. d4 exd4 4. Bc4 Bc5 5. c3 Nf6 6. e5 d5 7. Bb5 Ne4 8. cxd4
Bb6 9. Nc3 O-O 10. O-O Bg4 11. Bxc6 bxc6 12. Be3 f6 13. Nxe4 dxe4 14. Qb3+ Qd5
15. Nd2 Kh8 16. Rac1 Bd7 17. Nc4 f5 18. Nxb6 Qxb3 19. axb3 cxb6 20. Bf4 Rac8
21. Rfd1 a5 22. d5 cxd5 23. Rxd5 Rxc1+ 24. Bxc1 Be6 25. Rd6 Bxb3 26. Rxb6 Rd8
27. h3 Rd1+ 28. Kh2 Rxc1 29. Rxb3 Kg8 30. Rb5 Rc2 31. e6 Kf8 32. Rxf5+ Ke7 33.
Rxa5 Rxf2 34. Re5 Rxb2 35. Rxe4 Rb6 36. Rh4 h6 37. Rg4 g5 38. h4 gxh4 39. Rg7+
Kf6 40. e7 Re6 41. Rg4 Rxe7 42. Rxh4 Kg5 1/2-1/2

[Event "CE Selecciones Autonómicas U14"]
[Site "Padrón"]
[Date "2017.06.25"]
[Round "6.4"]
[White "Andrade Sandoval, Bianca"]
[Black "Aramendia Ybarra, Carlota"]
[Result "1/2-1/2"]
[WhiteElo "1849"]
[BlackElo "1455"]
[PlyCount "79"]
[EventDate "2017.06.22"]
[EventType ""]
[EventRounds "6"]
[EventCountry "ESP"]
[WhiteTeam "Madrid (U14)"]
[BlackTeam "Navarra (U14)"]
[WhiteTeamCountry "ESP"]
[BlackTeamCountry "ESP"]

1. d4 Nf6 2. Nf3 g6 3. Bf4 Bg7 4. e3 O-O 5. Be2 d6 6. h3 Nbd7 7. O-O b6 8. c4
Bb7 9. Nc3 Re8 10. Bh2 Ne4 11. Qc2 Nxc3 12. bxc3 e5 13. Rfd1 Qe7 14. Rac1 a5
15. d5 e4 16. Nd4 Nc5 17. Nb5 h5 18. Rf1 Rac8 19. Bf4 Be5 20. Bxe5 Qxe5 21. f4
exf3 22. Rxf3 Re7 23. Bd3 Qg5 24. Re1 Rce8 25. Qd2 Nd7 26. h4 Qg4 27. Nxc7 Ne5
28. Rf4 Qg3 29. Nxe8 Nxd3 30. Qxd3 Qxe1+ 31. Rf1 Qg3 32. Nf6+ Kg7 33. Ne4 Qe5
34. Ng5 f6 35. Ne6+ Kf7 36. Ng5+ Kg7 37. Ne6+ Kf7 38. Ng5+ Kg7 39. Ne6+ Kf7 40.
Ng5+ 1/2-1/2